Pohjois-Savon urheiluseuroja - Statistics

Yleistilastot
  • Tätä visaa on pelattu 30 kertaa
  • Keskiarvotulos 9 / 14
Vastaustilastot
Kuvavisa Hint Vastaus % Oikein
Liiga | Auroraliiga Kalevan Pallo
96%
Veikkausliiga | Kansallinen liiga Kuopion Palloseura
89%
N Mestaruusliiga Puijo Wolley
81%
MN Ykköspesis Siilinjärven Pesis
81%
M Ykköspesis Puijon Pesis
74%
hiihtolajit Puijon Hiihtoseura
70%
Mestis Iisalmen Peli-Karhut
67%
MN Vaahteraliiga Kuopio Steelers
63%
M Lentopallon 1-sarja Pielaveden Sampo
63%
Ringeten SM-sarja Lapinlahden Luistin -89
52%
N F-liiga Welhot
52%
M Mestaruusliiga Savo Volley
41%
M Kakkonen Kuopion Elo
33%
maastohiihto, yleisurheilu Vieremän Koitto
15%
Ehtoja vastaavia visoja ei löytynyt
Tulosjakauma
Jokaisen tuloksen saaneiden osuus
Persentiili vastausten määrän mukaan
Tuloshistoriasi
Et ole pelannut tätä visaa